| 000 | 00692nam a22002417a 4500 | ||
|---|---|---|---|
| 001 | 240032 | ||
| 003 | DO-SdBNP | ||
| 005 | 20240809143017.0 | ||
| 007 | 240032 | ||
| 008 | 160321b19782009 p 00| 0 spa d | ||
| 020 | _a9789972233425 | ||
| 040 |
_aBPMSU _bspa _cBPMSU |
||
| 082 | 4 |
_a649.3 _bC512n 2009 _222 |
|
| 100 | 1 | _aChavez, P. Miguel | |
| 245 | 1 | 0 |
_aNutrición infantil / _c Miguel Chavez P. |
| 260 |
_a Lima, Perú : _bEdiciones Mirbet, _c2009 |
||
| 300 |
_a135 p. : _b il. ; _c21 cm. |
||
| 590 | _aInventariado, 2024/VM | ||
| 650 | 4 |
_aNutrición infantil _vManuales |
|
| 650 | 4 |
_aNiños _xCuidado e higiene. |
|
| 910 | _aVMateo V. Control de calidad BPMSU | ||
| 942 |
_2ddc _cBK |
||
| 999 |
_c14780 _d14780 |
||